[Event "10th Zudov Mem 2014"]
[Site "Nizhny Tagil RUS"]
[Date "2014.09.13"]
[Round "3.13"]
[White "Scherbakov, Mikhail"]
[Black "Trefilov, Alexey"]
[Result "1-0"]
[BlackTitle "FM"]
[WhiteElo "1988"]
[BlackElo "2220"]
[WhiteFideId "34130184"]
[BlackFideId "4171721"]
[EventDate "2014.09.11"]

1. e4 c5 2. Nf3 Nc6 3. Bb5 Nf6 4. e5 Nd5 5. c3 Qb6 6. Bxc6 dxc6 7. O-O Bg4 8. h3
Bh5 9. e6 fxe6 10. Na3 O-O-O 11. g4 Bg6 12. d3 Qc7 13. Qe2 Kb8 14. Ne5 Be8 15.
c4 Nb4 16. Bf4 Rd6 17. Nb1 Ka8 18. Nc3 g5 19. Bg3 Bg7 20. Ne4 Qd8 21. Nxc5 Qa5
22. d4 b6 23. a3 bxc5 24. axb4 Qxb4 25. Ra6 cxd4 26. Rfa1 Qb7 27. c5 Rd5 28. Nc4
e5 29. Nb6+ Kb8 30. Nxd5 1-0

[Event "10th Zudov Mem 2014"]
[Site "Nizhny Tagil RUS"]
[Date "2014.09.13"]
[Round "3.14"]
[White "Tsvetkov, Pavel"]
[Black "Matskevich, Ivan"]
[Result "1-0"]
[WhiteElo "2181"]
[BlackElo "1949"]
[WhiteFideId "4132661"]
[BlackFideId "34191930"]
[EventDate "2014.09.11"]

1. e4 c5 2. Nf3 d6 3. d4 cxd4 4. Qxd4 Bd7 5. Be2 Nc6 6. Qe3 Nf6 7. c4 g6 8. O-O
Bg7 9. Nc3 O-O 10. h3 a6 11. b3 Qa5 12. Bb2 Nxe4 13. Na4 Bxb2 14. Nxb2 Nf6 15.
Na4 Rab8 16. Nb6 Bf5 17. g4 Bxg4 18. hxg4 Nxg4 19. Qg5 Qxb6 20. Qxg4 f5 21. Qh4
Kg7 22. Kg2 h6 23. Rh1 Rh8 24. Rag1 e5 25. Kf1 e4 26. Rxg6+ Kxg6 27. Rg1+ Kh7
28. Ng5+ Kg8 29. Nxe4+ Kf7 30. Qf6+ Ke8 31. Nxd6+ Kd7 32. Rg7+ Ne7 33. Rxe7+ 1-0

[Event "10th Zudov Mem 2014"]
[Site "Nizhny Tagil RUS"]
[Date "2014.09.13"]
[Round "3.15"]
[White "Guterman, Ilja"]
[Black "Dilmukhametov, Artur"]
[Result "0-1"]
[WhiteElo "1883"]
[BlackElo "2157"]
[WhiteFideId "24121959"]
[BlackFideId "24179922"]
[EventDate "2014.09.11"]

1. d4 c5 2. c3 cxd4 3. cxd4 Nf6 4. Nf3 g6 5. e3 Bg7 6. Be2 O-O 7. O-O b6 8. Nc3
Bb7 9. Bd2 d6 10. Rc1 Nbd7 11. Nb5 a6 12. Nc3 Rc8 13. b4 b5 14. a4 bxa4 15. Qxa4
Nb6 16. Qa2 Ra8 17. Ng5 h6 18. Nh3 e5 19. Bd3 Qd7 20. f3 Kh8 21. Ne2 e4 22. fxe4
Nxe4 23. Nf2 Bd5 24. Qb2 Na4 25. Qc2 Rac8 26. Qd1 Nb2 27. Qe1 Nxf2 28. Bxa6 Ra8
29. Ra1 Ne4 30. Bc3 Bc4 31. Bxb2 Rxa6 32. Rxa6 Bxa6 33. Rf4 d5 34. Ng3 Bd3 35.
Nxe4 Bxe4 36. Qa1 Qb5 37. Qa5 Qe2 38. Rf2 Qe1+ 39. Rf1 Qxe3+ 40. Rf2 Qe1+ 41.
Rf1 Qd2 42. Rf2 Qd1+ 43. Rf1 Qc2 0-1

[Event "10th Zudov Mem 2014"]
[Site "Nizhny Tagil RUS"]
[Date "2014.09.13"]
[Round "3.20"]
[White "Yumshanov, Leonid"]
[Black "Povodyr, Alexander"]
[Result "1/2-1/2"]
[WhiteElo "1787"]
[BlackElo "1811"]
[WhiteFideId "24140198"]
[BlackFideId "4195361"]
[EventDate "2014.09.11"]

1. e4 c6 2. Nc3 d5 3. Nf3 dxe4 4. Nxe4 Bf5 5. Ng3 Bg6 6. h4 h6 7. Ne5 Qd6 8. d4
Nd7 9. Nxg6 Qxg6 10. Bd3 Qd6 11. Ne4 Qc7 12. Qf3 Ngf6 13. Bf4 Qa5+ 14. c3 O-O-O
15. b4 Qh5 16. Qxh5 Nxh5 17. Be3 e6 18. a4 f5 19. Be2 Nhf6 20. Nxf6 Nxf6 21. Bf3
Nd5 22. Bd2 Bd6 23. b5 c5 24. c4 Nc7 25. Rc1 b6 26. dxc5 Bxc5 27. Be3 Bb4+ 28.
Ke2 e5 29. c5 e4 30. Bh5 bxc5 31. Bxc5 Rd2+ 32. Kf1 Bxc5 33. Rxc5 Rhd8 34. a5
R8d5 35. Rxd5 Nxd5 36. Rh3 f4 37. Ke1 e3 38. fxe3 fxe3 39. Bg4+ Kc7 40. Be6 Nf4
41. Rxe3 Rxg2 1/2-1/2

[Event "10th Zudov Mem 2014"]
[Site "Nizhny Tagil RUS"]
[Date "2014.09.13"]
[Round "3.21"]
[White "Dashevskaya, Larisa"]
[Black "Romanov, Sergej"]
[Result "0-1"]
[WhiteElo "2030"]
[BlackElo "2125"]
[WhiteFideId "4178106"]
[BlackFideId "34196940"]
[EventDate "2014.09.11"]

1. d4 Nf6 2. Nf3 g6 3. g3 Bg7 4. Bg2 O-O 5. O-O d6 6. c4 Nc6 7. Nc3 Bf5 8. Nh4
Bd7 9. f4 Ng4 10. Nf3 Na5 11. h3 Nh6 12. Qd3 c5 13. d5 Nf5 14. Kh2 Rb8 15. e4
Nd4 16. Nxd4 Bxd4 17. f5 Bg7 18. Bd2 a6 19. fxg6 hxg6 20. Rf4 b5 21. Rh4 Nxc4
22. Bh6 Bxh6 23. Rxh6 Kg7 24. Rh4 Rh8 25. Rxh8 Qxh8 26. Ne2 Ne5 27. Qd1 Bxh3 28.
Kg1 Bg4 29. Kf2 Qh5 30. Rc1 c4 31. Rc2 Nd3+ 32. Kf1 Rh8 33. Qd2 Bf3 34. Qc3+ Kg8
35. Ng1 Bxg2+ 36. Kxg2 Qh2+ 37. Kf1 Qxg3 38. Rg2 Rh2 39. Rxh2 Qxh2 40. Qd4 Qd2
41. Qb6 Qe1+ 42. Kg2 Qxe4+ 43. Nf3 Qg4+ 44. Kh2 Qxf3 45. Qd8+ Kg7 46. Qxe7 Nf4 0-1

[Event "10th Zudov Mem 2014"]
[Site "Nizhny Tagil RUS"]
[Date "2014.09.14"]
[Round "4.2"]
[White "Demchenko, Anton"]
[Black "Yuffa, Daniil"]
[Result "1-0"]
[WhiteTitle "GM"]
[BlackTitle "IM"]
[WhiteElo "2588"]
[BlackElo "2449"]
[WhiteFideId "4160258"]
[BlackFideId "24131423"]
[EventDate "2014.09.11"]

1. e4 c6 2. d4 d5 3. e5 Bf5 4. Nf3 e6 5. Be2 Ne7 6. Nbd2 h6 7. O-O Nd7 8. Nb3
Bg6 9. Bd2 Nf5 10. Rc1 Be7 11. g4 Nh4 12. Nxh4 Bxh4 13. f4 Be4 14. Be3 O-O 15.
Nd2 Bh7 16. Nf3 Be7 17. Bd3 Bxd3 18. Qxd3 c5 19. c3 cxd4 20. cxd4 f5 21. h3 Rc8
22. Rxc8 Qxc8 23. Rc1 Qb8 24. Rc2 g6 25. Qb5 Nb6 26. b3 Qd8 27. Kh2 a6 28. Qa5
Na8 29. Qe1 Nc7 30. Qc1 Ne8 31. Bd2 Qb6 32. Be1 Qb5 33. Qe3 Ng7 34. Bh4 Bxh4 35.
Nxh4 Kh7 36. Rc7 Qb6 37. Qc3 Qb5 38. gxf5 Qe2+ 39. Ng2 gxf5 40. Rxb7 Qxa2 41.
Qc7 Rg8 42. Qf7 Qe2 43. Qxe6 Qh5 44. Qxd5 Kh8 45. Rb6 Ne8 46. Rc6 a5 47. Rc3 Qg6
48. Qf3 Ng7 49. Nh4 1-0

[Event "10th Zudov Mem 2014"]
[Site "Nizhny Tagil RUS"]
[Date "2014.09.14"]
[Round "4.3"]
[White "Harutjunyan, Gevorg"]
[Black "Bocharov, Dmitry"]
[Result "1-0"]
[WhiteTitle "GM"]
[BlackTitle "GM"]
[WhiteElo "2444"]
[BlackElo "2575"]
[WhiteFideId "13300873"]
[BlackFideId "4138716"]
[EventDate "2014.09.11"]

1. e4 c5 2. Nf3 e6 3. d4 cxd4 4. Nxd4 a6 5. Nc3 d6 6. Qf3 Nf6 7. Be2 g6 8. Bg5
Nbd7 9. O-O-O h6 10. Be3 e5 11. Nb3 b5 12. h4 b4 13. Nd5 Nxd5 14. Rxd5 Nf6 15.
Bb6 Qe7 16. Ra5 Bb7 17. Ra4 Bg7 18. Rxb4 O-O 19. Na5 d5 20. Qb3 Nxe4 21. Be3 d4
22. Rxb7 Qc5 23. Bf3 dxe3 24. Bxe4 Qxa5 25. fxe3 Rad8 26. Kb1 Qd2 27. a4 Rd7 28.
Rxd7 Qxd7 29. Bxg6 Qg4 30. h5 Qxg2 31. Rd1 e4 32. Rd7 Qf3 33. Ka2 Qf6 34. Bxe4
Kh8 35. Bd5 Qe5 36. Bxf7 Rb8 37. Rb7 Rd8 38. Bg6 a5 39. e4 Qd4 40. Rb8 Be5 41.
Rxd8+ Qxd8 42. Qf7 Bg7 43. c3 Qb8 44. Bf5 Qe5 45. Qg6 1-0

[Event "10th Zudov Mem 2014"]
[Site "Nizhny Tagil RUS"]
[Date "2014.09.14"]
[Round "4.4"]
[White "Khegay, Dmitriy"]
[Black "Yudin, Sergei"]
[Result "1-0"]
[WhiteTitle "FM"]
[BlackTitle "GM"]
[WhiteElo "2375"]
[BlackElo "2545"]
[WhiteFideId "24153729"]
[BlackFideId "4159659"]
[EventDate "2014.09.11"]

1. e4 e5 2. Nf3 Nc6 3. Bc4 Nf6 4. d3 Bc5 5. c3 O-O 6. Bb3 d5 7. Nbd2 Be6 8. O-O
h6 9. Ba4 Bd6 10. Re1 Re8 11. h3 Rb8 12. exd5 Bxd5 13. Ne4 b5 14. Bb3 Be7 15.
Be3 a5 16. Nfd2 a4 17. Bc2 Be6 18. Nxf6+ Bxf6 19. Qf3 Qd5 20. Qg3 Kh8 21. Qf3
Qxf3 22. Nxf3 a3 23. bxa3 e4 24. Nd4 Nxd4 25. Bxd4 Bxd4 26. cxd4 exd3 27. Bxd3
Red8 28. Rab1 c6 29. Rb4 Bxa2 30. Ra1 Bd5 31. a4 Ra8 32. Bc2 Rdb8 33. Rab1 Ba2
34. R1b2 Bc4 35. Be4 Rc8 36. Rc2 Ra5 37. axb5 Bxb5 38. Kh2 Re8 39. Bf3 Rea8 40.
Rc5 Ba4 41. Rxa4 Rxa4 42. Bxc6 R8a7 43. Bxa4 Rxa4 44. Rd5 g6 45. g4 Kg7 46. Kg3
Kf6 47. h4 Ra3+ 48. f3 Ra2 49. Kf4 Ke6 50. Rb5 Rd2 51. Ke3 Rd1 52. Rb6+ Kd5 53.
h5 Re1+ 54. Kf2 Rh1 55. Kg2 Rh4 56. Rxg6 1-0

[Event "10th Zudov Mem 2014"]
[Site "Nizhny Tagil RUS"]
[Date "2014.09.14"]
[Round "4.5"]
[White "Ovetchkin, Roman"]
[Black "Matsenko, Sergei"]
[Result "1/2-1/2"]
[WhiteTitle "GM"]
[BlackTitle "IM"]
[WhiteElo "2524"]
[BlackElo "2485"]
[WhiteFideId "4119991"]
[BlackFideId "4170083"]
[EventDate "2014.09.11"]

1. c4 Nf6 2. Nc3 c5 3. Nf3 e6 4. g3 b6 5. Bg2 Bb7 6. O-O Be7 7. Re1 Ne4 8. Nxe4
Bxe4 9. d3 Bb7 10. e4 Nc6 11. d4 cxd4 12. Nxd4 Nxd4 13. Qxd4 O-O 14. Bf4 Qc8 15.
Rad1 Rd8 16. b3 Qc6 17. Bd6 Bxd6 18. Qxd6 Qxd6 19. Rxd6 Kf8 20. Red1 Ke7 21. e5
Bxg2 22. Kxg2 Rac8 23. f4 h5 24. Kf3 Rc7 25. Ke4 f6 26. h3 fxe5 27. f5 Rf8 28.
fxe6 dxe6 29. Kxe5 Rf5+ 30. Ke4 Rg5 31. Kf4 Rf5+ 32. Ke4 Rg5 33. Kf4 Rf5+ 34.
Ke4 Rg5 35. Kf4 Rf5+ 36. Ke4 1/2-1/2

[Event "10th Zudov Mem 2014"]
[Site "Nizhny Tagil RUS"]
[Date "2014.09.14"]
[Round "4.6"]
[White "Ivanov, Andrew"]
[Black "Smirnov, Alexey"]
[Result "1-0"]
[WhiteTitle "IM"]
[WhiteElo "2407"]
[BlackElo "2466"]
[WhiteFideId "4188080"]
[BlackFideId "4168437"]
[EventDate "2014.09.11"]

1. d4 Nf6 2. c4 e6 3. Nc3 Bb4 4. a3 Bxc3+ 5. bxc3 O-O 6. e3 c5 7. Bd3 Nc6 8. Ne2
d5 9. O-O dxc4 10. Bxc4 Qc7 11. Ba2 Rd8 12. f3 b6 13. Qa4 Na5 14. Rf2 Bd7 15.
Qd1 e5 16. e4 cxd4 17. cxd4 Bb5 18. Bb2 Rac8 19. d5 Bc4 20. Rc1 Qd6 21. Bb1 Bb3
22. Qd3 Nd7 23. f4 Bc4 24. Qh3 Bxe2 25. Rxc8 Rxc8 26. Rxe2 Nc4 27. fxe5 Qc5+ 28.
Kf1 Ndxe5 29. Bd4 Qf8 30. Rc2 Re8 31. Qg3 h6 32. Ba2 b5 33. Kg1 a6 34. Rc3 Kh8
35. h3 f6 36. Kh1 Nd2 37. Qf4 Nec4 38. Bxc4 Nxc4 39. Rg3 Qe7 40. Qg4 Qf7 41. Qf4
Qe7 42. Qg4 Nd6 43. Bc5 Nxe4 44. Bxe7 Nf2+ 45. Kg1 Nxg4 46. d6 Ne5 47. Re3 1-0

[Event "10th Zudov Mem 2014"]
[Site "Nizhny Tagil RUS"]
[Date "2014.09.14"]
[Round "4.7"]
[White "Tsvetkov, Pavel"]
[Black "Savchenko, Boris"]
[Result "1/2-1/2"]
[BlackTitle "GM"]
[WhiteElo "2181"]
[BlackElo "2608"]
[WhiteFideId "4132661"]
[BlackFideId "4147332"]
[EventDate "2014.09.11"]

1. e4 c5 2. Nf3 d6 3. d4 cxd4 4. Qxd4 Nc6 5. Bb5 Nf6 6. Nc3 Nd7 7. Qa4 Nb6 8.
Bxc6+ bxc6 9. Qxc6+ Bd7 10. Qb7 e6 11. Nd4 Rc8 12. Qxa7 d5 13. exd5 Nxd5 14.
Nxd5 Bc5 15. Qa6 Bxd4 16. Ne3 f5 17. Qd3 Ba4 18. O-O Bxc2 19. Qb5+ Kf7 20. Nxc2
Rxc2 21. Qb7+ Kf6 22. Qf3 Qb6 23. Be3 Rd8 24. Bxd4+ Rxd4 25. a4 Rdd2 26. b3 e5
27. a5 Qd4 28. Ra4 Qa7 29. a6 h5 30. Rc4 Rxc4 31. bxc4 Qxa6 32. Qc3 Qd6 33. c5
Qd4 34. Qa5 e4 35. Qb6+ Kf7 36. Qb7+ Kg6 37. Qc7 h4 38. Qf4 Rc2 39. Qxh4 Qxc5
40. Qf4 Qc7 41. Qxc7 Rxc7 42. Re1 f4 43. Kf1 Kf5 44. Ra1 Rc5 45. Ke2 g5 46. h3 1/2-1/2

[Event "10th Zudov Mem 2014"]
[Site "Nizhny Tagil RUS"]
[Date "2014.09.14"]
[Round "4.8"]
[White "Kryakvin, Dmitry"]
[Black "Ginosyan, Razmik"]
[Result "1-0"]
[WhiteTitle "GM"]
[WhiteElo "2562"]
[BlackElo "2048"]
[WhiteFideId "4153278"]
[BlackFideId "24190144"]
[EventDate "2014.09.11"]

1. Nf3 Nf6 2. c4 g6 3. Nc3 d5 4. cxd5 Nxd5 5. Qa4+ Nc6 6. Ne5 Nxc3 7. bxc3 Bd7
8. Nxd7 Qxd7 9. Rb1 Rb8 10. g3 Bg7 11. Bg2 O-O 12. O-O Qe6 13. e3 a6 14. d4 b5
15. Qa3 Na7 16. e4 Rfc8 17. Bf4 h6 18. d5 Qd7 19. Qxa6 g5 20. Be3 c5 21. e5 Bxe5
22. Qxh6 Bxc3 23. Bh3 Qxd5 24. Bxc8 Rxc8 25. Rfd1 Qf5 26. Qxg5+ Qxg5 27. Bxg5
Nc6 28. Be3 Bb4 29. Rd5 Ra8 30. Bxc5 Bxc5 31. Rxc5 Nd4 32. Rb4 Nf3+ 33. Kg2 Ne1+
34. Kf1 Nd3 35. Rg4+ 1-0

[Event "10th Zudov Mem 2014"]
[Site "Nizhny Tagil RUS"]
[Date "2014.09.14"]
[Round "4.9"]
[White "Dilmukhametov, Artur"]
[Black "Vokarev, Sergey"]
[Result "0-1"]
[BlackTitle "GM"]
[WhiteElo "2157"]
[BlackElo "2437"]
[WhiteFideId "24179922"]
[BlackFideId "4119711"]
[EventDate "2014.09.11"]

1. e4 c6 2. d4 d5 3. exd5 cxd5 4. c4 Nf6 5. Nc3 g6 6. Qb3 Bg7 7. cxd5 O-O 8. Be2
b6 9. Bf3 Bb7 10. Bf4 Qd7 11. Nge2 Rd8 12. d6 Bxf3 13. dxe7 Qxe7 14. gxf3 Rxd4
15. O-O Rd8 16. Rfd1 Nc6 17. Qa4 Qe6 18. Rxd8+ Rxd8 19. Rd1 Nd5 20. Bg3 Nxc3 21.
Rxd8+ Nxd8 22. Nxc3 Nc6 23. Qe4 Qd7 24. Kg2 h6 25. Qa4 Kh7 26. Bf4 Qe6 27. Qe4
Qd7 28. Qa4 Qe6 29. Qe4 Bxc3 30. bxc3 Qf6 31. Qc4 Kg7 32. Be3 Kg8 33. a4 h5 34.
Qd3 Qe6 35. Qb5 Kf8 36. c4 Ne5 37. c5 Qd5 38. cxb6 Qxf3+ 39. Kf1 Qd1+ 40. Kg2
Qg4+ 41. Kf1 Qd1+ 42. Kg2 Nf3 43. Bh6+ Kg8 44. h3 axb6 45. Qxb6 Ne1+ 46. Kf1
Nf3+ 47. Kg2 Nh4+ 48. Kh2 Qd5 49. f3 Qa2+ 50. Kg3 Nf5+ 0-1

[Event "10th Zudov Mem 2014"]
[Site "Nizhny Tagil RUS"]
[Date "2014.09.14"]
[Round "4.10"]
[White "Kopjonkin, Kirill"]
[Black "Kanter, Eduard"]
[Result "1/2-1/2"]
[BlackTitle "IM"]
[WhiteElo "2073"]
[BlackElo "2401"]
[WhiteFideId "24140090"]
[BlackFideId "4103963"]
[EventDate "2014.09.11"]

1. e4 c5 2. Nf3 d6 3. d4 cxd4 4. Nxd4 Nf6 5. Nc3 g6 6. f3 Bg7 7. Be3 a6 8. Qd2
h5 9. a4 Nbd7 10. Be2 b6 11. Nd5 Bb7 12. c4 e6 13. Nxf6+ Bxf6 14. a5 bxa5 15.
Rxa5 O-O 16. b4 Ne5 17. O-O Qd7 18. Rd1 Rfc8 19. Qa2 Qc7 20. c5 dxc5 21. bxc5
Rd8 22. Rd2 Nc6 23. Nxc6 Rxd2 24. Qxd2 Qxc6 25. Qd6 Qc8 26. c6 Qxc6 27. Qxc6
Bxc6 28. Rxa6 Rxa6 29. Bxa6 Kg7 30. Kf2 Bb2 31. Bc4 Bc3 32. Ba6 Bb2 33. Bc4 Bc3
34. Ba6 Bb2 35. Bc4 Bc3 36. Ba6 Bb2 1/2-1/2

[Event "10th Zudov Mem 2014"]
[Site "Nizhny Tagil RUS"]
[Date "2014.09.14"]
[Round "4.11"]
[White "Scherbakov, Mikhail"]
[Black "Solovjev, Nikolay2"]
[Result "0-1"]
[BlackTitle "FM"]
[WhiteElo "1988"]
[BlackElo "2311"]
[WhiteFideId "34130184"]
[BlackFideId "24112127"]
[EventDate "2014.09.11"]

1. e4 c5 2. Nf3 Nc6 3. Bb5 Qc7 4. O-O d6 5. h3 Nf6 6. Re1 Bd7 7. c3 a6 8. Bf1 e5
9. d4 Be7 10. d5 Nb8 11. Nh2 Bc8 12. f4 Nbd7 13. Nf3 exf4 14. Bxf4 O-O 15. c4
Ne5 16. Nxe5 dxe5 17. Bh2 Ne8 18. Nc3 Bf6 19. Bd3 g6 20. Rf1 Bg7 21. Qe2 Nd6 22.
a3 Bd7 23. Kh1 Rae8 24. b4 cxb4 25. axb4 Nxc4 26. Bxc4 Rc8 27. Bxa6 bxa6 28.
Rfc1 Bh6 29. Qxa6 Bxc1 30. Rxc1 f5 31. Ne2 Qb8 32. Rxc8 Qxc8 33. Qd6 Bb5 34. Ng1
fxe4 35. Qxe5 Re8 36. Qd4 Qc4 37. Qc5 Ra8 38. Qe7 Re8 39. Qc5 Qxc5 40. bxc5 Bc4
41. d6 Bb5 42. Ne2 e3 43. Bg3 Rc8 44. Bf4 Rf8 45. Bg5 h6 46. Bxh6 Rf1+ 47. Kh2
Bxe2 48. d7 Rd1 49. c6 Bb5 0-1

[Event "10th Zudov Mem 2014"]
[Site "Nizhny Tagil RUS"]
[Date "2014.09.14"]
[Round "4.12"]
[White "Drygalov, Andrey"]
[Black "Andriasian, Zaven"]
[Result "0-1"]
[BlackTitle "GM"]
[WhiteElo "2147"]
[BlackElo "2622"]
[WhiteFideId "24171735"]
[BlackFideId "13302000"]
[EventDate "2014.09.11"]

1. d4 Nf6 2. c4 c5 3. d5 e6 4. Nc3 exd5 5. cxd5 g6 6. e4 d6 7. Nf3 Bg7 8. h3 O-O
9. Bd3 a6 10. a4 Re8 11. O-O Nbd7 12. Re1 Nh5 13. Bg5 Bf6 14. Bh6 Ne5 15. Be2
Nxf3+ 16. Bxf3 Ng7 17. Qd2 Bd7 18. Bf4 Qe7 19. a5 Rab8 20. Be2 h5 21. Bh2 g5 22.
Bc4 Be5 23. Bxe5 Qxe5 24. Bf1 h4 25. Na4 Bxa4 26. Rxa4 Nh5 27. b4 Rbc8 28. b5
axb5 29. Bxb5 Re7 30. Qe2 Nf4 31. Qg4 Rf8 32. Re3 Rc7 33. Bf1 Kg7 34. Rf3 f6 35.
Re3 Rfc8 36. Bc4 Qd4 37. Qf3 Re7 38. Qg4 Ra8 39. Qf3 Qd2 40. Rea3 f5 41. Bf1
Rae8 42. Ra2 Qc1 43. Ra1 Qb2 44. R1a2 Qf6 45. exf5 Re1 46. Rxf4 gxf4 47. Qg4+
Kf8 48. Qxf4 R8e4 49. Qd2 R4e2 50. Qxe2 Rxe2 51. Bxe2 Qxf5 52. Rb2 Qe5 53. Ra2
Qxd5 0-1

[Event "10th Zudov Mem 2014"]
[Site "Nizhny Tagil RUS"]
[Date "2014.09.14"]
[Round "4.13"]
[White "Romanov, Sergej"]
[Black "Shomoev, Anton"]
[Result "0-1"]
[BlackTitle "GM"]
[WhiteElo "2125"]
[BlackElo "2568"]
[WhiteFideId "34196940"]
[BlackFideId "4135148"]
[EventDate "2014.09.11"]

1. Nf3 Nf6 2. c4 b6 3. Nc3 Bb7 4. d4 e6 5. e3 d5 6. cxd5 exd5 7. Bd3 Bd6 8. O-O
O-O 9. b3 a6 10. Bb2 Nbd7 11. Rc1 Qe7 12. Ne2 Ne4 13. Ng3 f5 14. Qc2 Rf7 15.
Rfe1 g6 16. Nf1 g5 17. Qe2 g4 18. Bxe4 fxe4 19. Ne5 Nxe5 20. dxe5 Bxe5 21. Bxe5
Qxe5 22. Qxg4+ Kh8 23. Ng3 Raf8 24. Rf1 a5 25. Rc2 c5 26. Nh5 Ba6 27. Re1 Bd3
28. Rd2 c4 29. Nf4 c3 30. Rdd1 c2 31. Rc1 Rxf4 32. exf4 Qxf4 33. Qxf4 Rxf4 34.
g3 Rf3 35. Kg2 d4 36. h3 h5 37. Rh1 Kg7 38. Rhe1 Kf6 39. Rh1 Ke5 40. Rhe1 b5 41.
Rh1 b4 42. Rhe1 Kf6 43. Rh1 Kg5 44. h4+ Kg4 0-1

[Event "10th Zudov Mem 2014"]
[Site "Nizhny Tagil RUS"]
[Date "2014.09.14"]
[Round "4.14"]
[White "Novoselov, Roman"]
[Black "Komarov, Alexander"]
[Result "1-0"]
[WhiteElo "2225"]
[BlackElo "2106"]
[WhiteFideId "4135067"]
[BlackFideId "4178360"]
[EventDate "2014.09.11"]

1. e4 e5 2. Nf3 Nc6 3. Bc4 Nf6 4. d3 Be7 5. O-O d6 6. h3 Na5 7. Nc3 c6 8. Qe2 b5
9. Bb3 O-O 10. Nh2 Ne8 11. f4 Nxb3 12. axb3 exf4 13. Bxf4 Bf6 14. b4 Nc7 15. Be3
Ne6 16. Ng4 Be5 17. Qf2 h5 18. Nxe5 dxe5 19. Rxa7 Rxa7 20. Bxa7 f5 21. Bc5 Rf6
22. Qh4 Nf4 23. Rxf4 exf4 24. e5 Rf8 25. Qxh5 Re8 26. Bd6 Re6 27. Ne2 Rxd6 28.
exd6 Qxd6 29. Qe8+ 1-0

[Event "10th Zudov Mem 2014"]
[Site "Nizhny Tagil RUS"]
[Date "2014.09.14"]
[Round "4.15"]
[White "Makhnev, Petr"]
[Black "Drygalov, Sergey"]
[Result "0-1"]
[WhiteElo "1519"]
[BlackElo "2224"]
[WhiteFideId "24193470"]
[BlackFideId "24171743"]
[EventDate "2014.09.11"]

1. d4 Nf6 2. Nf3 g6 3. g3 Bg7 4. Bg2 c5 5. O-O cxd4 6. Nxd4 O-O 7. c4 d6 8. Nc3
Nbd7 9. e3 Rb8 10. b3 Ne5 11. Bb2 Bd7 12. Rc1 a6 13. Nce2 Re8 14. a3 Qb6 15. Bc3
Rec8 16. Qd2 Qd8 17. Bb4 Nc6 18. Nxc6 Bxc6 19. Nf4 Bxg2 20. Kxg2 Qd7 21. Nd5 b5
22. c5 Qb7 23. c6 Rxc6 24. Rxc6 Qxc6 25. e4 Nxd5 26. exd5 Qb7 27. f3 Rc8 28. Rc1
h5 29. Qe3 Rxc1 30. Qxc1 Qxd5 31. Qc8+ Kh7 32. Qxa6 g5 33. Qa7 g4 34. Qe3 f5 35.
Qxe7 Qxf3+ 36. Kg1 Qd1+ 37. Kg2 h4 38. gxh4 Qd5+ 39. Kf2 f4 40. h5 Qf3+ 41. Kg1
Qd1+ 42. Kf2 Qc2+ 43. Qe2 Bd4+ 44. Kf1 Qxe2+ 45. Kxe2 f3+ 46. Kf1 Be5 47. Kg1
Kh6 48. a4 bxa4 49. bxa4 Kxh5 50. Be1 d5 51. a5 d4 52. a6 d3 53. Kf2 Bd4+ 54.
Kf1 Ba7 55. Bd2 Kh4 56. Bf4 Kh3 0-1

[Event "10th Zudov Mem 2014"]
[Site "Nizhny Tagil RUS"]
[Date "2014.09.14"]
[Round "4.18"]
[White "Radzhabov, Rodion"]
[Black "Shishkin, Mikhail"]
[Result "1-0"]
[WhiteElo "1994"]
[BlackElo "1448"]
[WhiteFideId "884715"]
[BlackFideId "2805656"]
[EventDate "2014.09.11"]

1. e4 e6 2. d4 d5 3. Nd2 g6 4. Ngf3 Ne7 5. e5 Bh6 6. Bd3 O-O 7. Nb3 Bxc1 8. Qxc1
f6 9. exf6 Rxf6 10. Qg5 Qf8 11. O-O-O Nf5 12. Kb1 Nc6 13. Ne5 Nxe5 14. dxe5 Rf7
15. g4 Ne7 16. h4 a5 17. h5 h6 18. Qd2 Rxf2 19. Qc3 g5 20. Rhf1 Nc6 21. Rxf2
Qxf2 22. Rf1 Qg3 23. Bh7+ 1-0

[Event "10th Zudov Mem 2014"]
[Site "Nizhny Tagil RUS"]
[Date "2014.09.14"]
[Round "4.20"]
[White "Povodyr, Alexander"]
[Black "Matskevich, Ivan"]
[Result "0-1"]
[WhiteElo "1811"]
[BlackElo "1949"]
[WhiteFideId "4195361"]
[BlackFideId "34191930"]
[EventDate "2014.09.11"]

1. d4 Nf6 2. Bg5 Ne4 3. Bh4 d5 4. f3 Nd6 5. Nc3 Nc4 6. Qc1 Nc6 7. b3 Nb6 8. e3
Bf5 9. Bd3 Bg6 10. Nh3 Qd7 11. O-O e5 12. dxe5 Nxe5 13. Nf4 a6 14. a3 Nxd3 15.
cxd3 Bd6 16. e4 d4 17. Ncd5 Nc8 18. Ne2 O-O 19. Qc4 c5 20. a4 b5 21. Qc2 Rb8 22.
a5 f6 23. Bg3 Bf7 24. Rfc1 Bxd5 25. exd5 Re8 26. Nf4 Ne7 27. Nh5 Rbc8 28. Qf2
Nxd5 29. Bxd6 Qxd6 30. Qh4 Ne3 31. Ng3 f5 32. Qg5 Re6 33. b4 Rg6 34. Nxf5 Rxg5
35. Nxd6 Rxg2+ 36. Kh1 Rf8 37. Rxc5 g6 38. Rac1 Rxf3 39. Rc8+ Kg7 40. R1c7+ Kh6
41. Rf7 Rh3 42. Nf5+ Kg5 0-1

[Event "10th Zudov Mem 2014"]
[Site "Nizhny Tagil RUS"]
[Date "2014.09.14"]
[Round "4.22"]
[White "Farbshtain, Danil"]
[Black "Chapkovskiy, Jakov"]
[Result "0-1"]
[WhiteElo "1659"]
[BlackElo "1827"]
[WhiteFideId "24140074"]
[BlackFideId "24140066"]
[EventDate "2014.09.11"]

1. Nf3 b6 2. g3 Nf6 3. Bg2 Bb7 4. d4 e6 5. O-O c5 6. c4 cxd4 7. Qxd4 d6 8. Nc3
a6 9. Re1 Nbd7 10. e4 Qc7 11. e5 dxe5 12. Nxe5 Bc5 13. Qd1 Nxe5 14. Bxb7 Qxb7
15. Rxe5 O-O 16. Bf4 Rad8 17. Qe2 Bd4 18. Bg5 Bxe5 19. Qxe5 Nd7 20. Qd6 Qb8 21.
Rd1 Nf6 22. Qe7 Rxd1+ 23. Nxd1 Qe5 24. Be3 Ng4 25. Bd2 Qe2 26. Bb4 Qxd1+ 27. Kg2
Rd8 28. Bd6 Qxd6 0-1

[Event "10th Zudov Mem 2014"]
[Site "Nizhny Tagil RUS"]
[Date "2014.09.15"]
[Round "5.1"]
[White "Harutjunyan, Gevorg"]
[Black "Demchenko, Anton"]
[Result "1/2-1/2"]
[WhiteTitle "GM"]
[BlackTitle "GM"]
[WhiteElo "2444"]
[BlackElo "2588"]
[WhiteFideId "13300873"]
[BlackFideId "4160258"]
[EventDate "2014.09.11"]

1. e4 e5 2. Nf3 Nc6 3. d4 exd4 4. Nxd4 Nf6 5. Nxc6 bxc6 6. e5 Qe7 7. Qe2 Nd5 8.
c4 Ba6 9. b3 g6 10. g3 Bg7 11. Bb2 O-O 12. Bg2 Rae8 13. O-O Bxe5 14. Qxe5 Qxe5
15. Bxe5 Rxe5 16. cxd5 Bxf1 17. Kxf1 cxd5 18. Nc3 c6 19. Rd1 Rb8 20. Rd4 Rbe8
21. Rd1 d4 22. Na4 Re2 23. Bf3 Rxa2 24. Rxd4 d5 25. Rb4 Ra1+ 26. Kg2 Ree1 27.
Nc5 Rg1+ 28. Kh3 Rgc1 29. Nd7 Rc2 30. Ne5 h5 31. Rb8+ Kg7 32. Rb7 Kf6 33. Nxc6
Rxc6 34. Bxd5 Rd6 35. Rxf7+ Kg5 36. Bc4 Ra2 37. Rf8 Kh6 38. Kg2 g5 39. Rh8+ Kg6
40. Rg8+ Kf6 41. h3 Rdd2 42. Rf8+ Kg7 43. Rg8+ Kh7 44. Rf8 Rd6 45. Kf1 a5 46.
Kg2 Kg7 47. Rg8+ Kf6 48. Kf3 Rdd2 49. Ke3 Rdc2 50. Rf8+ Ke7 51. Rf5 a4 52. Bd3
Rc3 53. bxa4 Ke6 54. Rxg5 Raa3 55. Rg6+ Ke7 56. Rg7+ Ke6 57. Rg6+ Ke7 58. Rg7+ 1/2-1/2